01193nam a22001457a 4500003000400000020001800004082001400022100001800036245003000054250000800084260003800092300000800130650002600138653088300164SGT a9788131509685 a658.4,KEL aKELLER,GERALD aSTATISTICS FOR MANAGEMENT a1ST aNEW DELHIbCENGAGE LEARNINGc2009 a718 aSTATISTICS MANAGEMENT a'1. WHAT IS STATISTICS? 2. GRAPHICAL DESCRIPTIVE TECHNIQUES I. 3. GRAPHICAL DESCRIPTIVE TECHNIQUES II. 4. NUMERICAL DESCRIPTIVE TECHNIQUES. 5. DATA COLLECTION AND SAMPLING. 6. PROBABILITY. 7. RANDOM VARIABLES AND DISCRETE PROBABILITY DISTRIBUTIONS. 8. CONTINUOUS PROBABILITY DISTRIBUTIONS. 9. SAMPLING DISTRIBUTIONS. 10. INTRODUCTION TO ESTIMATION. 11. INTRODUCTION TO HYPOTHESIS TESTING. 12. INFERENCE ABOUT A POPULATION. 13. INFERENCE ABOUT COMPARING TWO POPULATIONS. 14. ANALYSIS OF VARIANCE. 15. CHI-SQUARED TESTS. 16. SIMPLE LINEAR REGRESSION AND CORRELATION. 17. MULTIPLE REGRESSION. 18. MODEL BUILDING. 19. NONPARAMETRIC STATISTICS. 20. TIME-SERIES ANALYSIS AND FORECASTING. 21. STATISTICAL PROCESS CONTROL. 22. DECISION ANALYSIS. 23. CONCLUSION. APPENDIX A. DATA FILE SAMPLE STATISTICS. APPENDIX B. TABLES. APPENDIX C. ANSWERS TO SELECTED EVEN-NUMBERED EXERCISES. INDEX.